000 00656nam a2200277Ia 4500
005 20260324135427.0
008 008 260324s9999 xx 000 0 eng d
020 _a9781315068268
037 _aEBOOK
040 _aCRL
040 _beng
040 _cCRL
041 _2eng
041 _aeng
084 _qCRL
100 _aPatrick J. M. Costello
_91200573
245 0 _aThinking Skills and Early Childhood Education
260 _bTaylor and Francis
260 _c2000
365 _a
365 _b300
856 _uhttp://www.taylorfrancis.com/books/9781315068268
942 _cEBOOK
999 _c1801610
_d1801610